LEADER 00905nam0-22003251i-450- 001 990003132010403321 010 $a0-7450-0181-5 035 $a000313201 035 $aFED01000313201 035 $a(Aleph)000313201FED01 035 $a000313201 100 $a20000920d1990----km-y0itay50------ba 101 0 $aita 102 $aIT 200 1 $aMilton Friedman$eEconomics in Theory and Practice$fAbraham Hirsch and Neil de Marchi. 210 $aNew York$cHarvester Wheatsheaf$d1990. 215 $aVIII, 325 p.$d23 cm 225 1 $a<>economists 676 $aD/8.16 702 1$aDe Marchi,$bNeil 702 1$aFriedman,$bMilton$f<1912-2006> 702 1$aHirsch,$bAbraham 801 0$aIT$bUNINA$gRICA$2UNIMARC 901 $aBK 912 $a990003132010403321 952 $aD/8.16 HIR/N.A.$b9330$fSES 959 $aSES 996 $aMilton Friedman$9456767 997 $aUNINA DB $aING01 LEADER 02202oam 2200553 450 001 9910715212003321 005 20210203090959.0 035 $a(CKB)5470000002509908 035 $a(OCoLC)933448403$z(OCoLC)794006097 035 $a(EXLCZ)995470000002509908 100 $a20151225d2006 ua 0 101 0 $aeng 135 $aurbn||||||ada 181 $ctxt$2rdacontent 182 $cc$2rdamedia 183 $acr$2rdacarrier 200 10$aInterim recommendations for the use of lithium to mitigate or prevent alkali-silica reaction (ASR) /$fKevin J. Folliard [and five others] 210 1$aMcLean, VA :$cU.S. Department of Transportation, Federal Highway Administration, Research, Development, and Technology, Turner-Fairbank Highway Research Center,$d2006. 215 $a1 online resource (ix, 84 pages) $cillustrations (some color) 300 $a"Publication no. FHWA-HRT-06-073." 300 $a"July 2006." 300 $a"Performing organization: The Transtec Group, Inc."--Technical report documentation page. 320 $aIncludes bibliographical references (pages 79-84). 517 $aInterim recommendations for the use of lithium to mitigate or prevent alkali-silica reaction 606 $aConcrete$xDeterioration 606 $aAlkali-aggregate reactions 606 $aLithium compounds$xTesting 606 $aAlkali-aggregate reactions$2fast 606 $aConcrete$xDeterioration$2fast 606 $aLithium$2fast 615 0$aConcrete$xDeterioration. 615 0$aAlkali-aggregate reactions. 615 0$aLithium compounds$xTesting. 615 7$aAlkali-aggregate reactions. 615 7$aConcrete$xDeterioration. 615 7$aLithium. 700 $aFolliard$b Kevin J.$01417122 712 02$aTranstec Group, Inc., 712 02$aUnited States.$bFederal Highway Administration.$bOffice of Research, Development, and Technology, 801 0$bOCLCE 801 1$bOCLCE 801 2$bAFU 801 2$bOCLCF 801 2$bOCLCQ 801 2$bGPO 906 $aBOOK 912 $a9910715212003321 996 $aInterim recommendations for the use of lithium to mitigate or prevent alkali-silica reaction (ASR)$93524538 997 $aUNINA